00793cam a2200229 a 4500020002900000020002600029020002500055020002200080040000800102082002600110100002300136245007300159300004400232650002300276650002300299650002200322650002500344700002000369942001000389999001700399952014700416 a9780521190435 (hardback) a0521190436 (hardback) a9780521137584 (pbk.) a0521137586 (pbk.) cDLC00a333 FAO 1990 C161 Or.1 aBullock, Ryan C. L10aCommunity forestry :blocal values, conflict and forest governance / avi, 186 pages :billustrations ;c23 cm 0aCommunity forestry 0aCommunity forestry 0aForest management 0aSustainable forestry1 aHanna, Kevin S. cAEDBB c19105d19105 0010406333_000000000000000_FAO_1990_C161_OR70983888aLBCbLBCcC161d2020-03-11eA32734o333 FAO 1990 C161 Or.r2020-03-11w2020-03-11yEK